000
00299nam a22001097a 4500
008
170125b xxu||||| |||| 00| 0 eng d
020
_a
9781577663768
041
_a
eng
080
_a
61
245
_a
SOMETHIND DANGEROUS/ EMERGENT AND CHANGING DRUG USE AND COMMUNITY HEALTH
_c
SINGER, M
942
_2
udc
_c
BK
999
_c
3678
_d
3678